00369nam a22001217a 4500020001800000040000900018082001600027100002000043110003800063245004800101260003800149650006000187 a9780128239681 cNUST a621.042 ELA a Elahi, Hassan: aEugeni, Marco , Gaudenzi, Paolo aPiezoelectric Aeroelastic Energy Harvesting aUnited Kingdom:bElsevier,c2022. aPiezoelectric Aeroelastic Energy Harvesting. NUSTTB2022